[Event "USA tt"]
[Site "ICC INT"]
[Date "2008.10.01"]
[Round "6"]
[White "Naroditsky, Daniel"]
[Black "Martinez, Leonard"]
[Result "1/2-1/2"]
[WhiteElo "2313"]
[BlackElo "2241"]
[PlyCount "120"]
[EventDate "2008.10.22"]
[EventType "team"]
[EventRounds "10"]
[EventCountry "USA"]
[SourceTitle "CBM 126 Extra"]
[Source "ChessBase"]
[SourceDate "2008.11.05"]
[SourceVersion "1"]
[SourceVersionDate "2008.11.05"]
[SourceQuality "1"]

1. Nf3 Nf6 2. g3 b6 3. Bg2 Bb7 4. 0-0 e6 5. d3 d5 6. Nbd2 Nbd7 7. e4 dxe4 8. dxe4 Nc5 9. Qe2 Nfxe4 10. Nxe4 Nxe4 11. Ng5 Nd6 12. Bxb7 Nxb7 13. Qf3 Nd6 14. Rd1 Be7 15. Nxf7 0-0 16. Nxd8 Rxf3 17. Nxe6 Rf7 18. Nxc7 Rc8 19. Nd5 Rxc2 20. Nxe7+ Rxe7 21. Rxd6 Re1+ 22. Kg2 Rcxc1 23. Rxc1 Rxc1 24. Rd8+ Kf7 25. Rd7+ Kf6 26. Rxa7 Rc2 27. b3 Rb2 28. Ra6 Kf7 29. Rxb6 Rxa2 30. Rb7+ Kf6 31. b4 Rb2 32. b5 Rb3 33. b6 Kg6 34. Rb8 h5 35. h3 Kh7 36. b7 Rb2 37. Kf1 Kg6 38. f4 Rb4 39. Ke2 Rb3 40. f5+ Kh7 41. h4 Rb5 42. Ke3 Rb4 43. g4 Rb3+ 44. Ke2 Rb2+ 45. Ke3 Rb3+ 46. Kd2 hxg4 47. Ke2 Rb5 48. h5 g3 49. h6 g2 50. Kf2 Rxf5+ 51. Kxg2 Rb5 52. hxg7 Kxg7 53. Kf3 Rb3+ 54. Ke4 Rb4+ 55. Kd5 Rb1 56. Kc4 Rc1+ 57. Kb3 Rb1+ 58. Ka3 Kh7 59. Ka2 Rb6 60. Rc8 Rxb7 1/2-1/2

[Event "North American op 17th"]
[Site "Las Vegas"]
[Date "2007.12.29"]
[Round "6"]
[White "Martinez, Leonard"]
[Black "Acon, Jennifer T"]
[Result "1/2-1/2"]
[WhiteElo "2244"]
[BlackElo "1740"]
[PlyCount "82"]
[EventDate "2007.12.26"]
[EventType "swiss"]
[EventRounds "7"]
[EventCountry "USA"]
[SourceTitle "CBM 121 Extra"]
[Source "ChessBase"]
[SourceDate "2008.01.10"]
[SourceVersion "1"]
[SourceVersionDate "2008.01.10"]
[SourceQuality "1"]

1. e4 c6 2. d4 d5 3. Nc3 dxe4 4. Nxe4 Bf5 5. Ng3 Bg6 6. Nf3 Nd7 7. h4 h6 8. h5 Bh7 9. Bd3 Bxd3 10. Qxd3 e6 11. Bf4 Bb4+ 12. c3 Be7 13. 0-0-0 Qa5 14. Kb1 Ngf6 15. Ne5 0-0 16. Qe2 Rfd8 17. Ne4 Nxe4 18. Qxe4 Nxe5 19. Bxe5 Bd6 20. Bxd6 Rxd6 21. Rd3 Rd5 22. g4 Rg5 23. Qe2 Qa4 24. f4 Ra5 25. b3 Qa3 26. Qd2 Qe7 27. Rg1 Rd5 28. Rdg3 Rad8 29. g5 hxg5 30. Rxg5 Rxg5 31. fxg5 Rd5 32. Qe3 a5 33. Kb2 c5 34. dxc5 Qxc5 35. Qxc5 Rxc5 36. c4 Rf5 37. Kc3 Rf2 38. a3 Rf3+ 39. Kc2 Rf2+ 40. Kc3 Rf3+ 41. Kc2 Rf2+ 1/2-1/2

[Event "Las Vegas National op 5'"]
[Site "Las Vegas"]
[Date "2005.06.09"]
[Round "6.1"]
[White "Martinez, Leonard"]
[Black "Akobian, Varuzhan"]
[Result "0-1"]
[WhiteElo "2176"]
[BlackElo "2556"]
[PlyCount "64"]
[EventDate "2005.06.09"]
[EventType "swiss (blitz)"]
[EventRounds "7"]
[EventCountry "USA"]
[SourceTitle "CBM 106 Extra"]
[Source "ChessBase"]
[SourceDate "2005.07.01"]
[SourceVersion "1"]
[SourceVersionDate "2005.07.01"]
[SourceQuality "1"]

1. e4 d6 2. d4 Nf6 3. Nc3 c6 4. f4 Qa5 5. e5 Ne4 6. Qf3 Nxc3 7. Bd2 Qb6 8. Bxc3 d5 9. Bd3 e6 10. Ne2 c5 11. dxc5 Bxc5 12. f5 Nc6 13. fxe6 Bxe6 14. Nf4 0-0-0 15. Nxe6 fxe6 16. Qg3 Bb4 17. Be2 d4 18. Bd2 Bxd2+ 19. Kxd2 Qa5+ 20. Kc1 Nxe5 21. Bg4 d3 22. Bxe6+ Kb8 23. Rd1 Rhe8 24. Bb3 d2+ 25. Kb1 Ka8 26. c3 Qa6 27. Bc2 Nc4 28. Qf2 Qd6 29. Ba4 Re7 30. Qd4 Qxd4 31. cxd4 Rxd4 32. b3 Ne3 0-1